Molecular Biology of Bacterial Viruses

Bibliographic Details
Main Author: Stent, Gunther S.
Format: Section = Libro
Language:Undetermined
Spanish
Published: Freeman and Company 1963
Subjects:
LEADER 00520nam a2200193Ia 4500
008 240830s9999 xx 000 0 und d
040 |a CEDOC FIQ-RUSB / 570 S826 
041 |a spa 
082 |a 570 S826 
100 1 |a Stent, Gunther S. 
245 1 0 |a Molecular Biology of Bacterial Viruses 
260 |b Freeman and Company  |c 1963 
300 |a 474 p.: il. 
650 7 |a  CIENCIAS BIOLÓGICAS 
650 7 |b  LA CÉLULA HUÉSPED BACTERIANA 
650 7 |c  CICLO DE CRECIMIENTO 
942 |c BK  |2 ddc 
991 |a TEXTO 
999 |c 27188